000 00433nam a22001697a 4500
003 OSt
005 20211126112158.0
008 211126b |||||||| |||| 00| 0 eng d
020 _a0-340-81047-5
040 _aDDC
_cHU
082 _214
_a616.0756
_b1
100 _aKinirons Mark
_920785
245 _aFrench's Index of Differential Diagnosis An A-Z
250 _a14
260 _aLondon
_bHodder Arnold
_c2005
942 _2ddc
_cBOOKS
_n0
999 _c20379
_d20379